000
00246nam a22001097a 4500
082
_a
671.52 ROS'W
100
_a
ROSSI, BONIFACE E
_9
56793
245
_a
WELDING ENGINEERING
260
_a
NEWYORK
_b
MCGRAW HILL
_c
1954
300
_a
786P
942
_c
BK
999
_c
568459
_d
568459